[Event "Backa Topola-ch"]
[Site "Backa Topola"]
[Date "2019.12.11"]
[Round "8"]
[White "Sirotanovic, Obrad"]
[Black "Puhalo, Zdravko"]
[Result "1/2-1/2"]
[WhiteElo "2145"]
[BlackElo "1985"]
[PlyCount "61"]
[EventDate "2019.11.25"]
[EventType "swiss"]
[EventRounds "9"]
[EventCountry "SRB"]
[SourceTitle "CBM 193 Extra"]
[Source "ChessBase"]
[SourceDate "2020.01.31"]
[SourceVersion "1"]
[SourceVersionDate "2020.01.31"]
[SourceQuality "1"]

1. d4 g6 2. e4 Bg7 3. c3 c6 4. h4 h5 5. Nf3 d6 6. Bc4 d5 7. exd5 cxd5 8. Bd3 Bg4 9. Qa4+ Bd7 10. Qb3 Bc6 11. Bf4 Nd7 12. Na3 Ngf6 13. Nc2 0-0 14. Nb4 a5 15. Nxc6 bxc6 16. Qb7 c5 17. 0-0 Qc8 18. Qxc8 Rfxc8 19. Rfe1 e6 20. Bf1 c4 21. Ng5 Nh7 22. f3 Nxg5 23. Bxg5 a4 24. a3 Rc6 25. Rac1 Ra7 26. Rc2 Rb7 27. Bc1 Nb6 28. g3 Nc8 29. Bh3 Nd6 30. Rh2 Rcb6 31. Bf1 1/2-1/2

[Event "Backa Topola-ch"]
[Site "Backa Topola"]
[Date "2019.12.06"]
[Round "6"]
[White "Vucelic, Rade"]
[Black "Puhalo, Zdravko"]
[Result "0-1"]
[WhiteElo "1886"]
[BlackElo "1985"]
[PlyCount "122"]
[EventDate "2019.11.25"]
[EventType "swiss"]
[EventRounds "9"]
[EventCountry "SRB"]
[SourceTitle "CBM 193 Extra"]
[Source "ChessBase"]
[SourceDate "2020.01.31"]
[SourceVersion "1"]
[SourceVersionDate "2020.01.31"]
[SourceQuality "1"]

1. e4 e6 2. d4 d5 3. Nd2 Nf6 4. e5 Ng8 5. f4 g6 6. Ngf3 c5 7. c3 Nc6 8. Nb3 c4 9. Nbd2 Bd7 10. Be2 h5 11. 0-0 b5 12. a3 a5 13. b3 Nce7 14. bxc4 bxc4 15. Nh4 Nh6 16. Ndf3 Nef5 17. g3 Be7 18. Nxf5 Nxf5 19. Kg2 Rb8 20. Qd2 Ba4 21. h3 h4 22. g4 Ng3 23. Re1 Qd7 24. Bd1 Bxd1 25. Qxd1 Rb3 26. Qc2 Ne4 27. Re3 a4 28. g5 Kf8 29. Ne1 Ng3 30. Nf3 Nf5 31. Re2 Kg7 32. Nd2 Rb6 33. Rb1 Rhb8 34. Rxb6 Rxb6 35. Kf2 Qa7 36. Kg2 Qa8 37. Kf2 Ra6 38. Qb2 Ra7 39. Qc2 Qf8 40. Qa2 Rb7 41. Nb1 Rb3 42. Rc2 Qe8 43. Rb2 Qc8 44. Rxb3 cxb3 45. Qe2 Qb7 46. Bb2 Qc7 47. Qd3 Qd8 48. Qb5 Bxg5 49. fxg5 Qxg5 50. Qd3 Ng3 51. Nd2 Nh1+ 52. Ke1 Qg1+ 53. Qf1 Qe3+ 54. Qe2 Qg3+ 55. Kd1 Nf2+ 56. Kc1 Nd3+ 57. Kb1 g5 58. Nf3 Nf4 59. Qf1 Nxh3 60. Nd2 Qg1 61. Qxg1 Nxg1 0-1

[Event "Backa Topola-ch"]
[Site "Backa Topola"]
[Date "2019.11.29"]
[Round "3"]
[White "Puhalo, Zdravko"]
[Black "Halas, Emil"]
[Result "1-0"]
[WhiteElo "1985"]
[BlackElo "1837"]
[PlyCount "61"]
[EventDate "2019.11.25"]
[EventType "swiss"]
[EventRounds "9"]
[EventCountry "SRB"]
[SourceTitle "CBM 193 Extra"]
[Source "ChessBase"]
[SourceDate "2020.01.31"]
[SourceVersion "1"]
[SourceVersionDate "2020.01.31"]
[SourceQuality "1"]

1. d4 e6 2. f4 d5 3. Nf3 Nf6 4. e3 Nbd7 5. Bd3 Bd6 6. 0-0 0-0 7. Nbd2 c5 8. c3 c4 9. Bc2 b5 10. Ne5 Qc7 11. Qf3 b4 12. g4 bxc3 13. bxc3 Nb6 14. g5 Nfd7 15. h4 Bxe5 16. fxe5 f5 17. Ba3 Rf7 18. Bd6 Qd8 19. e4 g6 20. exf5 gxf5 21. Rf2 Bb7 22. Rg2 Rg7 23. Rf1 Nc8 24. Bb4 a5 25. Ba3 Ndb6 26. Rb1 Bc6 27. Nf1 Raa7 28. Ng3 Be8 29. Bc5 Rab7 30. Ne2 Ba4 31. Nf4 1-0

[Event "Backa Topola-ch"]
[Site "Backa Topola"]
[Date "2019.11.27"]
[Round "2"]
[White "Nagy, Attila N"]
[Black "Puhalo, Zdravko"]
[Result "1-0"]
[WhiteElo "2233"]
[BlackElo "1985"]
[PlyCount "133"]
[EventDate "2019.11.25"]
[EventType "swiss"]
[EventRounds "9"]
[EventCountry "SRB"]
[SourceTitle "CBM 193 Extra"]
[Source "ChessBase"]
[SourceDate "2020.01.31"]
[SourceVersion "1"]
[SourceVersionDate "2020.01.31"]
[SourceQuality "1"]

1. Nf3 Nf6 2. d4 g6 3. c4 Bg7 4. g3 d6 5. Nc3 0-0 6. Bg2 c6 7. 0-0 Qc7 8. h3 e5 9. e4 Nbd7 10. Re1 Re8 11. Be3 Nf8 12. Qd2 Kh8 13. Rad1 Be6 14. d5 cxd5 15. exd5 Bd7 16. b3 b6 17. Nb5 Qb8 18. Qb4 Bxb5 19. cxb5 N8d7 20. Qh4 Kg8 21. Bg5 a6 22. bxa6 Rxa6 23. a4 Ra5 24. Nd2 b5 25. Qb4 Ra8 26. axb5 Nc5 27. Qh4 Nfd7 28. Bf1 f6 29. Be3 Bh8 30. b4 Na4 31. Rc1 Ndb6 32. Rc6 f5 33. Rec1 Ra7 34. Bg5 Rf7 35. Nc4 Nxc4 36. Qxc4 Nb6 37. Rxb6 Qxb6 38. Qc6 Qb8 39. b6 f4 40. Bb5 Ref8 41. gxf4 Bg7 42. f5 gxf5 43. Ba6 h6 44. Bh4 e4 45. Bc8 Kh8 46. b7 Be5 47. Qa6 Rg7+ 48. Kf1 Rc7 49. Rc6 Rxc6 50. dxc6 Qc7 51. Qb5 d5 52. Qxd5 Qg7 53. Qd7 Qg6 54. Qe6 Qg7 55. Qe7 Rf7 56. Qe8+ Kh7 57. Qe6 Kh8 58. Qa2 Qg6 59. Be6 Rg7 60. Qd5 Qg2+ 61. Ke1 Qh1+ 62. Kd2 Bf4+ 63. Kc2 Qc1+ 64. Kb3 Qb1+ 65. Kc4 Qa2+ 66. Kc5 Qa7+ 67. Kb5 1-0

[Event "Gligoric Cup 5th"]
[Site "Novi Sad"]
[Date "2018.11.06"]
[Round "3.6"]
[White "Puhalo, Zdravko"]
[Black "Dokic, Zoran"]
[Result "0-1"]
[WhiteElo "1992"]
[BlackElo "2142"]
[PlyCount "84"]
[EventDate "2018.11.04"]
[EventType "team-swiss"]
[EventRounds "5"]
[EventCountry "SRB"]
[SourceTitle "CBM 187 Extra"]
[Source "ChessBase"]
[SourceDate "2018.11.04"]
[SourceVersion "1"]
[SourceVersionDate "2018.11.04"]
[SourceQuality "1"]
[WhiteTeam "Subotica Penzioner"]
[BlackTeam "Backi Petrovac Mladost"]
[WhiteTeamCountry "SRB"]
[BlackTeamCountry "SRB"]

1. d4 Nf6 2. f4 g6 3. Nf3 Bg7 4. e3 0-0 5. Bc4 d5 6. Bd3 b6 7. 0-0 c5 8. c3 Bb7 9. Nbd2 Nbd7 10. Qe2 Ne4 11. Ne5 Nxd2 12. Bxd2 Nf6 13. f5 Ne4 14. fxg6 hxg6 15. Nf3 Bf6 16. Be1 Kg7 17. Bxe4 dxe4 18. Nd2 Bg5 19. Bg3 cxd4 20. cxd4 Ba6 21. Nc4 Bxc4 22. Qxc4 Bxe3+ 23. Bf2 Rc8 24. Qb4 Bxf2+ 25. Rxf2 Qd6 26. Qd2 f5 27. g3 Rfd8 28. Rd1 Qd5 29. g4 e6 30. Qg5 Rf8 31. gxf5 exf5 32. h4 Qd8 33. Qg3 Qf6 34. Qf4 Rce8 35. Rg2 Rh8 36. Rg5 e3 37. h5 Rxh5 38. Rxh5 gxh5 39. Kh2 Re4 40. Rg1+ Kh7 41. Qc7+ Kh6 42. Rg3 e2 0-1

[Event "Subotica-ch op"]
[Site "Subotica"]
[Date "2017.03.10"]
[Round "8"]
[White "Puhalo, Zdravko"]
[Black "Kovacs Sztriko, Zoltan"]
[Result "1/2-1/2"]
[WhiteElo "2068"]
[BlackElo "2079"]
[PlyCount "34"]
[EventDate "2017.02.22"]
[EventType "swiss"]
[EventRounds "9"]
[EventCountry "SRB"]
[SourceTitle "CBM 177 Extra"]
[Source "ChessBase"]
[SourceDate "2017.04.27"]
[SourceVersion "1"]
[SourceVersionDate "2017.04.27"]
[SourceQuality "1"]

1. d4 d5 2. f4 Nf6 3. Nf3 Bf5 4. c3 e6 5. e3 Be7 6. Bd3 Bxd3 7. Qxd3 0-0 8. 0-0 c5 9. Nbd2 Nc6 10. Ne5 Rc8 11. h3 Nd7 12. g4 f6 13. Nef3 c4 14. Qe2 f5 15. g5 Qc7 16. Kg2 h5 17. h4 g6 1/2-1/2

[Event "Subotica-ch op"]
[Site "Subotica"]
[Date "2017.02.22"]
[Round "1"]
[White "Jankov, Danijel"]
[Black "Puhalo, Zdravko"]
[Result "0-1"]
[WhiteElo "1584"]
[BlackElo "2068"]
[PlyCount "66"]
[EventDate "2017.02.22"]
[EventType "swiss"]
[EventRounds "9"]
[EventCountry "SRB"]
[SourceTitle "CBM 177 Extra"]
[Source "ChessBase"]
[SourceDate "2017.04.27"]
[SourceVersion "1"]
[SourceVersionDate "2017.04.27"]
[SourceQuality "1"]

1. d4 Nf6 2. c4 d6 3. Nc3 g6 4. e4 Bg7 5. f3 0-0 6. Be3 c6 7. Bd3 e5 8. Nge2 Nbd7 9. 0-0 a6 10. a4 Qe7 11. Qd2 Kh8 12. Rad1 Nh5 13. f4 exf4 14. Nxf4 Nxf4 15. Rxf4 Nf6 16. Rdf1 Ng4 17. R4f3 Bd7 18. h3 Nxe3 19. Qxe3 f5 20. Kh1 Rae8 21. Qg1 fxe4 22. Rxf8+ Rxf8 23. Rxf8+ Qxf8 24. Nxe4 Bf5 25. g4 Bxe4+ 26. Bxe4 Qf4 27. Qg2 Bxd4 28. Qe2 Qc1+ 29. Kg2 Qg1+ 30. Kf3 g5 31. b3 Be5 32. Qg2 Qc1 33. Qf2 Qf4+ 0-1

[Event "Subotica-ch op"]
[Site "Subotica"]
[Date "2016.03.09"]
[Round "8"]
[White "Kovacs Sztriko, Zoltan"]
[Black "Puhalo, Zdravko"]
[Result "0-1"]
[WhiteElo "2046"]
[BlackElo "2077"]
[PlyCount "136"]
[EventDate "2016.02.22"]
[EventType "swiss"]
[EventRounds "9"]
[EventCountry "SRB"]
[SourceTitle "CBM 171 Extra"]
[Source "ChessBase"]
[SourceDate "2016.04.26"]
[SourceVersion "1"]
[SourceVersionDate "2016.04.26"]
[SourceQuality "1"]

1. d4 d6 2. c4 Nf6 3. Nc3 Nc6 4. d5 Nb8 5. e4 g6 6. Bd3 Bg7 7. Nge2 Nbd7 8. 0-0 0-0 9. f4 c6 10. Kh1 Qb6 11. h3 Qc7 12. Be3 a6 13. a4 c5 14. Qc2 Rb8 15. Rf2 Qb6 16. Raf1 Qb4 17. Bd2 Qb6 18. g4 Qd8 19. Ng3 b6 20. g5 Ne8 21. h4 Nc7 22. h5 e6 23. hxg6 fxg6 24. Qd1 Rf7 25. Qg4 exd5 26. Qh4 Nf8 27. cxd5 Ne8 28. f5 Bd4 29. Rf3 Rbb7 30. Nce2 Be5 31. Nf4 Bxf4 32. Rxf4 b5 33. Qh6 c4 34. Bc2 b4 35. Be3 Rbe7 36. Bd4 Qd7 37. Kg2 a5 38. f6 Re5 39. Qh4 b3 40. Bb1 Qxa4 41. Bxe5 dxe5 42. R4f3 Ba6 43. R1f2 Qa1 44. Rf1 Qxb2+ 45. R3f2 Qa3 46. Ne2 a4 47. Qg3 Nd7 48. Nc1 Nd6 49. Qc3 Bc8 50. Rf3 Qc5 51. Rd1 Ba6 52. Kh2 Rf8 53. Rdf1 Nf7 54. Rg3 Qb5 55. Kg2 a3 56. Rf2 Nc5 57. Qe3 Bc8 58. Rf1 a2 59. Nxa2 bxa2 60. Bxa2 Ba6 61. Rf2 Nd3 62. Rc2 Nf4+ 63. Kh2 Qa5 64. Rd2 Qb4 65. Rc2 Qb7 66. Rg1 Rc8 67. Rgc1 Nxg5 68. Bxc4 Rxc4 0-1

[Event "Subotica-ch op"]
[Site "Subotica"]
[Date "2016.02.24"]
[Round "2"]
[White "Brindza, Dezso"]
[Black "Puhalo, Zdravko"]
[Result "0-1"]
[WhiteElo "1718"]
[BlackElo "2077"]
[PlyCount "114"]
[EventDate "2016.02.22"]
[EventType "swiss"]
[EventRounds "9"]
[EventCountry "SRB"]
[SourceTitle "CBM 171 Extra"]
[Source "ChessBase"]
[SourceDate "2016.04.26"]
[SourceVersion "1"]
[SourceVersionDate "2016.04.26"]
[SourceQuality "1"]

1. d4 Nf6 2. e3 d5 3. Bd3 e6 4. Nd2 c5 5. c3 Nc6 6. f4 g6 7. Ngf3 h5 8. Ne5 c4 9. Bc2 Ne7 10. 0-0 Bd7 11. e4 Qc8 12. Nxd7 Qxd7 13. e5 Ng4 14. Nf3 Bg7 15. Ba4 b5 16. Bc2 a5 17. Bd2 Nh6 18. a3 a4 19. Qe2 Kd8 20. Kf2 Kc7 21. h3 Nef5 22. Rg1 h4 23. Ke1 Ng3 24. Qf2 Nhf5 25. Bxf5 gxf5 26. Kd1 Qe7 27. Be3 Rag8 28. Kc2 Bf8 29. Nd2 Qd8 30. Qe1 Be7 31. Bf2 Nh5 32. Qe3 Kc6 33. Raf1 Qf8 34. Nb1 Rg6 35. Qf3 Qg7 36. Be1 Ng3 37. Bxg3 Rxg3 38. Qe2 Rg8 39. Rf2 Rxh3 40. Nd2 Rg3 41. Nf3 Qg4 42. Qe3 h3 43. Rh1 hxg2 44. Rg1 Qh3 45. Qe2 Qh1 46. Qe1 Qh5 47. Qe2 Qh3 48. Ne1 Qh1 49. Rgxg2 Rxg2 50. Rxg2 Rh8 51. Nf3 Rh3 52. Qf2 Qa1 53. Rg1 Qa2 54. Qg2 Bxa3 55. Rb1 Qb3+ 56. Kc1 Bxb2+ 57. Qxb2 Rxf3 0-1

[Event "Subotica-ch"]
[Site "Subotica"]
[Date "2015.02.25"]
[Round "5"]
[White "Puhalo, Zdravko"]
[Black "Pacal, Mihaly"]
[Result "1-0"]
[WhiteElo "2011"]
[BlackElo "2092"]
[PlyCount "91"]
[EventDate "2015.02.16"]
[EventType "swiss"]
[EventRounds "9"]
[EventCountry "SRB"]
[SourceTitle "CBM 165 Extra"]
[Source "ChessBase"]
[SourceDate "2015.04.21"]
[SourceVersion "1"]
[SourceVersionDate "2015.04.21"]
[SourceQuality "1"]

1. d4 g6 2. e4 Bg7 3. Be3 c5 4. c3 cxd4 5. Bxd4 Bxd4 6. Qxd4 Nf6 7. f3 Nc6 8. Qe3 d6 9. Nd2 Be6 10. Ne2 Rc8 11. g4 h5 12. g5 Nd7 13. f4 Qb6 14. Qxb6 Nxb6 15. b3 a6 16. h4 Nd7 17. Ng3 Bg4 18. Kf2 Nc5 19. Ke3 b5 20. Bd3 Kd7 21. Rhc1 Nxd3 22. Kxd3 Rb8 23. b4 a5 24. a3 Rhc8 25. Nb3 Be6 26. Nd4 Bc4+ 27. Kd2 e5 28. Nxc6 Kxc6 29. f5 d5 30. exd5+ Kxd5 31. Ke3 axb4 32. Rd1+ Kc6 33. axb4 Rd8 34. fxg6 fxg6 35. Ne4 Rxd1 36. Rxd1 Bd5 37. Nf6 Rd8 38. Nxd5 Rxd5 39. Rf1 Kd7 40. Ke4 Rd2 41. Kxe5 Ke7 42. Rf6 Rd3 43. Rxg6 Rxc3 44. Rh6 Rc4 45. Rxh5 Rxb4 46. Rh7+ 1-0

[Event "Subotica-ch"]
[Site "Subotica"]
[Date "2015.02.23"]
[Round "4"]
[White "Gabric, Goran"]
[Black "Puhalo, Zdravko"]
[Result "1-0"]
[WhiteElo "2161"]
[BlackElo "2011"]
[PlyCount "123"]
[EventDate "2015.02.16"]
[EventType "swiss"]
[EventRounds "9"]
[EventCountry "SRB"]
[SourceTitle "CBM 165 Extra"]
[Source "ChessBase"]
[SourceDate "2015.04.21"]
[SourceVersion "1"]
[SourceVersionDate "2015.04.21"]
[SourceQuality "1"]

1. e4 d6 2. d4 Nf6 3. Nc3 g6 4. f4 c6 5. Nf3 Bg7 6. a4 0-0 7. h3 Nbd7 8. e5 Nd5 9. Nxd5 cxd5 10. Be3 Re8 11. Qd2 a6 12. h4 Nf8 13. h5 Bf5 14. hxg6 fxg6 15. Bd3 e6 16. Qb4 dxe5 17. fxe5 Qc7 18. Qd2 Rac8 19. c3 Qb6 20. a5 Qc7 21. Bg5 Qf7 22. Rh4 Rc7 23. Ke2 Qd7 24. Qe3 Qc6 25. Bf6 Rf7 26. Bxg7 Rxg7 27. Nh2 Ree7 28. g4 Be4 29. g5 Bf5 30. Rf4 Ref7 31. Kd2 Qc7 32. Qf2 Bxd3 33. Kxd3 Rxf4 34. Qxf4 Rf7 35. Qe3 Rf5 36. b3 Qd8 37. Ng4 Kg7 38. Nf6 Qc8 39. Rh1 Qc6 40. Kc2 Qb5 41. b4 Rf1 42. Rxf1 Qxf1 43. Ne8+ Kf7 44. Nd6+ Ke7 45. Nxb7 Nd7 46. Qd3 Qg2+ 47. Kb3 Qg1 48. Nc5 Nxc5+ 49. bxc5 Kd8 50. Qxa6 Qd1+ 51. Kb4 Qb1+ 52. Ka4 Qc2+ 53. Kb5 Qd3+ 54. Kb6 Qxc3 55. Qa8+ Ke7 56. Qb7+ Kf8 57. Qc8+ Ke7 58. Qc7+ Ke8 59. Kc6 Qxd4 60. Kd6 Kf8 61. Qd7 Kg8 62. Qxe6+ 1-0

[Event "Subotica-ch"]
[Site "Subotica"]
[Date "2014.03.05"]
[Round "7"]
[White "Bicskei, Mihaly"]
[Black "Puhalo, Zdravko"]
[Result "0-1"]
[WhiteElo "1853"]
[BlackElo "2064"]
[PlyCount "140"]
[EventDate "2014.02.19"]
[EventType "swiss"]
[EventRounds "9"]
[EventCountry "SRB"]
[SourceTitle "CBM 159 Extra"]
[Source "ChessBase"]
[SourceDate "2014.04.24"]
[SourceVersion "1"]
[SourceVersionDate "2014.04.24"]
[SourceQuality "1"]

1. e4 c6 2. d4 d5 3. Nc3 Nf6 4. e5 Nfd7 5. f4 e6 6. Nf3 g6 7. Be2 c5 8. Be3 Qb6 9. Na4 Qa5+ 10. c3 c4 11. 0-0 b5 12. Nc5 Nc6 13. b4 Qb6 14. a4 a5 15. axb5 Qxb5 16. Qd2 Rb8 17. bxa5 Bxc5 18. dxc5 Qa6 19. g4 h5 20. h3 Rb5 21. f5 gxf5 22. gxf5 Ne7 23. Nd4 Rxc5 24. fxe6 fxe6 25. Bf4 Nf8 26. Bg5 Nf5 27. Nxf5 exf5 28. Kh2 Rxa5 29. Rxa5 Qxa5 30. Qb2 Qc7 31. Qb5+ Qd7 32. Qb8 f4 33. Rf3 Ng6 34. Bd1 0-0 35. Qd6 Qe6 36. Qxe6+ Bxe6 37. Rf2 Rf5 38. Bf6 Nxe5 39. Bxe5 Rxe5 40. Rxf4 Re3 41. h4 Bf7 42. Rf3 Re4 43. Rf5 Rxh4+ 44. Kg3 Re4 45. Bxh5 Be6 46. Rf3 Kg7 47. Kf2 Rh4 48. Be8 Rh8 49. Bc6 Rc8 50. Ba4 Ra8 51. Bc6 Ra3 52. Re3 Kf6 53. Ke2 Ra2+ 54. Kd1 Ra6 55. Be8 Bf5 56. Bb5 Rb6 57. Ba4 Rb1+ 58. Kd2 Be4 59. Bd7 Ke5 60. Be8 Kf4 61. Rh3 Rb2+ 62. Kc1 Rc2+ 63. Kd1 Rf2 64. Bh5 Bf5 65. Rh4+ Ke3 66. Ke1 Rg2 67. Kf1 Rc2 68. Rd4 Rc1+ 69. Kg2 Rxc3 70. Rh4 Be4+ 0-1

[Event "Subotica-ch"]
[Site "Subotica"]
[Date "2014.02.26"]
[Round "4"]
[White "Kovac, Zoltan"]
[Black "Puhalo, Zdravko"]
[Result "1/2-1/2"]
[WhiteElo "2031"]
[BlackElo "2064"]
[PlyCount "35"]
[EventDate "2014.02.19"]
[EventType "swiss"]
[EventRounds "9"]
[EventCountry "SRB"]
[SourceTitle "CBM 159 Extra"]
[Source "ChessBase"]
[SourceDate "2014.04.24"]
[SourceVersion "1"]
[SourceVersionDate "2014.04.24"]
[SourceQuality "1"]

1. d4 Nf6 2. c4 d6 3. Nc3 Nc6 4. e4 e5 5. d5 Ne7 6. Bd3 Ng6 7. Nge2 Be7 8. Bd2 Bd7 9. Qc2 Nh5 10. 0-0-0 c5 11. g3 a6 12. f4 Nf6 13. f5 Nf8 14. h3 Rb8 15. g4 h6 16. Rdg1 b5 17. a4 bxc4 18. Bxc4 1/2-1/2

[Event "Senta op-B 17th"]
[Site "Senta"]
[Date "2013.07.19"]
[Round "8"]
[White "Davidovic, Zoran"]
[Black "Puhalo, Zdravko"]
[Result "0-1"]
[WhiteElo "1904"]
[BlackElo "2065"]
[PlyCount "110"]
[EventDate "2013.07.13"]
[EventType "swiss"]
[EventRounds "9"]
[EventCountry "SRB"]
[SourceTitle "EXT 2014"]
[Source "ChessBase"]
[SourceDate "2013.11.20"]
[SourceVersion "1"]
[SourceVersionDate "2013.11.20"]
[SourceQuality "1"]

1. d4 Nf6 2. Bf4 d6 3. e3 Bf5 4. h3 h6 5. Nf3 Nbd7 6. Nbd2 c6 7. c3 e6 8. Be2 a5 9. a4 Be7 10. 0-0 0-0 11. Re1 b6 12. Bf1 d5 13. Rc1 c5 14. Ne5 Nxe5 15. dxe5 Nd7 16. e4 dxe4 17. Nxe4 Qc7 18. Nd6 Bh7 19. Qg4 Bg6 20. Rcd1 Rad8 21. Nc4 Nb8 22. h4 h5 23. Qg3 Rxd1 24. Rxd1 Rd8 25. Rxd8+ Qxd8 26. Be2 Bxh4 27. Qf3 Qc7 28. Bd3 Bxd3 29. Qxd3 Qd8 30. Qf3 g6 31. g3 Be7 32. Qb7 Nd7 33. Qc6 g5 34. Be3 h4 35. gxh4 gxh4 36. Kh2 Nf8 37. Nd6 Ng6 38. f4 Kg7 39. Kh3 Qg8 40. Qf3 Qd8 41. Qc6 Nf8 42. f5 Bxd6 43. f6+ Kg8 44. Qxd6 Qa8 45. Qd1 Qe4 46. Qg1+ Ng6 47. Qg5 Qh1+ 48. Kg4 Qg2+ 49. Kh5 Qxg5+ 50. Kxg5 h3 51. Bg1 Nxe5 52. Kf4 Nd3+ 53. Kg3 Nxb2 54. Be3 Nxa4 55. Bd2 Nb2 0-1

[Event "Senta op-B 17th"]
[Site "Senta"]
[Date "2013.07.17"]
[Round "6"]
[White "Nesovanovic, Miroslav"]
[Black "Puhalo, Zdravko"]
[Result "1/2-1/2"]
[WhiteElo "1877"]
[BlackElo "2065"]
[PlyCount "155"]
[EventDate "2013.07.13"]
[EventType "swiss"]
[EventRounds "9"]
[EventCountry "SRB"]
[SourceTitle "EXT 2014"]
[Source "ChessBase"]
[SourceDate "2013.11.20"]
[SourceVersion "1"]
[SourceVersionDate "2013.11.20"]
[SourceQuality "1"]

1. e4 d6 2. d4 Nf6 3. Nc3 Nc6 4. f3 e5 5. d5 Ne7 6. Bg5 Ng6 7. Qd2 Be7 8. Be3 0-0 9. g3 c6 10. 0-0-0 Bd7 11. Kb1 a5 12. h4 cxd5 13. Nxd5 Nxd5 14. exd5 f5 15. h5 Nh8 16. f4 Nf7 17. Nf3 Bf6 18. Qf2 b5 19. Bc1 Rc8 20. Nh4 Qc7 21. Bh3 Bxh4 22. gxh4 e4 23. Be3 Nh6 24. Qe2 b4 25. Rc1 a4 26. Bd4 Rf7 27. Rhg1 Qb7 28. Rcd1 b3 29. c4 bxa2+ 30. Ka1 Qb3 31. Bf1 Rb8 32. Rc1 Be8 33. Rc3 Qb4 34. Kxa2 Rfb7 35. Rcg3 Ng4 36. Ra3 Bxh5 37. Bc3 Qc5 38. Rg3 Ra8 39. Qe1 Rb3 40. Be2 Rxa3+ 41. bxa3 Rb8 42. Bb4 Qd4 43. Bc3 Qb6 44. Bb4 Re8 45. Bxg4 Bxg4 46. Qe3 Qc7 47. Qd4 Rc8 48. Rc3 Qe7 49. c5 dxc5 50. Bxc5 Qb7 51. d6 Bh5 52. Bb4 Bf7+ 53. Kb2 Be8 54. Qe5 Bd7 55. Rc7 Rxc7 56. dxc7 Qc6 57. Qd6 Qxd6 58. Bxd6 Kf7 59. Be5 Kg6 60. Kc3 Kh5 61. Bxg7 Kxh4 62. Bh6 Kh5 63. Bf8 Kg6 64. Kd4 h5 65. Be7 Kf7 66. Bg5 Ke6 67. Bh4 Kd6 68. Bd8 Be6 69. Kc3 Kd5 70. Bf6 Bc8 71. Bd8 Ba6 72. Bg5 e3 73. c8Q Bxc8 74. Kd3 e2 75. Kxe2 Kc4 76. Kf3 Kb3 77. Be7 h4 78. Kg2 1/2-1/2

[Event "Senta op-B 17th"]
[Site "Senta"]
[Date "2013.07.15"]
[Round "4"]
[White "Puhalo, Zdravko"]
[Black "Zivkovic, Momcilo"]
[Result "1/2-1/2"]
[WhiteElo "2065"]
[BlackElo "2138"]
[PlyCount "168"]
[EventDate "2013.07.13"]
[EventType "swiss"]
[EventRounds "9"]
[EventCountry "SRB"]
[SourceTitle "EXT 2014"]
[Source "ChessBase"]
[SourceDate "2013.11.20"]
[SourceVersion "1"]
[SourceVersionDate "2013.11.20"]
[SourceQuality "1"]

1. d4 d5 2. Nc3 Bf5 3. Bf4 c6 4. a3 Nf6 5. e3 e6 6. Bd3 Bxd3 7. cxd3 Bd6 8. Nge2 0-0 9. h3 Bxf4 10. Nxf4 Nbd7 11. 0-0 e5 12. dxe5 Nxe5 13. d4 Nc4 14. b3 Nd6 15. Qc2 Re8 16. Nd3 Nfe4 17. Ne2 Nf5 18. Nc5 Nfd6 19. Rac1 Rb8 20. a4 Qg5 21. Nd7 Rbd8 22. Ne5 Nf5 23. Nf4 Nxd4 24. exd4 Qxf4 25. Qd3 f6 26. Nf3 Re7 27. b4 Nd6 28. b5 Nc4 29. Rxc4 dxc4 30. Qxc4+ Kh8 31. bxc6 bxc6 32. Qxc6 Qd6 33. Qc4 Rc7 34. Qb3 Qb6 35. Qa3 Rb7 36. Re1 Qb4 37. Qa2 Qb3 38. Ra1 a5 39. Nd2 Qd3 40. Nf3 Rdb8 41. Kh2 Rb1 42. Rxb1 Qxb1 43. Qc4 Qb4 44. Qc7 Qb6 45. Qc3 Rd8 46. h4 Qb4 47. Qc2 Qd6+ 48. Kh3 Qd7+ 49. Kh2 Rc8 50. Qb3 Qc7+ 51. Kh3 Qc4 52. Qa3 Qb4 53. Qa2 Rc4 54. d5 Qxa4 55. Qb1 Qd7+ 56. Kh2 Qxd5 57. Qb8+ Qg8 58. Qa7 a4 59. h5 Qc8 60. g3 h6 61. Nh4 Rxh4+ 62. gxh4 Qg4 63. Qa8+ Kh7 64. Qe8 Qxh4+ 65. Kg2 Qg4+ 66. Kh2 a3 67. Qf7 f5 68. f3 Qf4+ 69. Kg2 Qg5+ 70. Kf2 f4 71. Qe8 Qf5 72. Qa4 Qe5 73. Kg2 Qxh5 74. Qxa3 Qg5+ 75. Kh2 Qg6 76. Kh1 h5 77. Qa4 Qf6 78. Qe4+ Kh6 79. Qa8 Kg5 80. Qa2 Kh6 81. Qc2 Qa1+ 82. Kh2 Qe1 83. Qd3 Qg3+ 84. Kh1 h4 1/2-1/2

[Event "Senta op-B 17th"]
[Site "Senta"]
[Date "2013.07.14"]
[Round "2"]
[White "Posa, Janos"]
[Black "Puhalo, Zdravko"]
[Result "0-1"]
[WhiteElo "1885"]
[BlackElo "2065"]
[PlyCount "118"]
[EventDate "2013.07.13"]
[EventType "swiss"]
[EventRounds "9"]
[EventCountry "SRB"]
[SourceTitle "EXT 2014"]
[Source "ChessBase"]
[SourceDate "2013.11.20"]
[SourceVersion "1"]
[SourceVersionDate "2013.11.20"]
[SourceQuality "1"]

1. d4 Nf6 2. c4 d6 3. Nc3 Nc6 4. e4 e5 5. d5 Ne7 6. Bd3 Ng6 7. Nge2 Be7 8. 0-0 0-0 9. f3 Nh5 10. g4 Nhf4 11. Nxf4 exf4 12. Ne2 Bg5 13. b4 a5 14. b5 b6 15. a4 Bf6 16. Rb1 Be5 17. Bb2 Qg5 18. Bxe5 Nxe5 19. Nd4 h5 20. h3 Qh4 21. Ne2 g5 22. Kg2 hxg4 23. hxg4 Bxg4 24. fxg4 Nxg4 25. Rf3 Qh2+ 26. Kf1 Ne5 27. Ng1 g4 28. Rf2 Qg3 29. Rg2 Qh4 30. Be2 g3 31. Nf3 Qh1+ 32. Rg1 Qh3+ 33. Ke1 Ng6 34. Kd2 Rae8 35. Rh1 Qg2 36. Qf1 Qxf1 37. Rhxf1 Rxe4 38. Ng5 Re3 39. Rf3 Rfe8 40. Rxe3 Rxe3 41. Rf1 Ra3 42. Bd1 Ne5 43. Be2 g2 44. Rg1 f6 45. Rxg2 fxg5 46. Rxg5+ Kh7 47. Rh5+ Kg7 48. Rg5+ Kf6 49. Rg8 f3 50. Bf1 Ra1 51. Bh3 Rxa4 52. Bf1 Ra1 53. Bd3 Nxd3 54. Kxd3 f2 55. Rf8+ Ke5 56. Re8+ Kf4 57. Rf8+ Kg3 58. Rg8+ Kh2 59. Rh8+ Kg1 0-1

[Event "Subotica-ch"]
[Site "Subotica"]
[Date "2013.05.27"]
[Round "7"]
[White "Puhalo, Zdravko"]
[Black "Avram, Veso"]
[Result "0-1"]
[WhiteElo "2064"]
[BlackElo "2136"]
[PlyCount "116"]
[EventDate "2013.05.13"]
[EventType "swiss"]
[EventRounds "9"]
[EventCountry "SRB"]
[SourceTitle "CBM 154 Extra"]
[Source "ChessBase"]
[SourceDate "2013.06.25"]
[SourceVersion "2"]
[SourceVersionDate "2013.06.25"]
[SourceQuality "1"]

1. d4 Nf6 2. Nc3 c5 3. e3 e6 4. Nf3 b6 5. Be2 Be7 6. 0-0 0-0 7. b3 Bb7 8. Bb2 d6 9. h3 Nbd7 10. a4 a6 11. Bd3 e5 12. dxe5 dxe5 13. Bf5 Qc7 14. e4 Rfd8 15. Qe2 Nf8 16. h4 g6 17. Bh3 Ne6 18. Bxe6 fxe6 19. Rad1 Nh5 20. g3 Ng7 21. Rxd8+ Rxd8 22. Rd1 Rxd1+ 23. Nxd1 Qc6 24. Nd2 Bd6 25. Ne3 Nf5 26. Nec4 Nd4 27. Bxd4 exd4 28. Qg4 Bc7 29. h5 Kg7 30. Qg5 Qe8 31. a5 b5 32. h6+ Kg8 33. Qxc5 Qd8 34. Nb6 Qd6 35. b4 Qxc5 36. bxc5 Kf7 37. Kf1 Bd8 38. f4 Be7 39. Nd7 Ke8 40. c6 Bxc6 41. Ne5 Bb7 42. Ke2 Bb4 43. Nxg6 Bxa5 44. Ne5 Bxd2 45. Kxd2 Bxe4 46. g4 a5 47. g5 Kf8 48. Kc1 a4 49. Nd7+ Ke7 50. Nc5 Bf5 51. Kb2 Kd6 52. Nd3 Ke7 53. Nb4 Be4 54. Ka3 Kf7 55. Kb2 Kg6 56. Na6 e5 57. Nc5 Bd5 58. fxe5 Kxg5 0-1